000 00481nam a2200133Ia 4500
008 100328s9999 xx 000 0 und d
082 _b30808
100 _aमडकईकर भालचंद्र
245 _aमरणात खरोखर जग जगते
260 _bरामकृष्ण बुक डेपो
630 _aमरणात खरोखर जग जगते
730 _aमरणात खरोखर जग जगते
942 _cBOOK
999 _c521771
_d521768